| 000 | 00632nab a2200193 a 4500 | ||
|---|---|---|---|
| 005 | 20210219155140.0 | ||
| 008 | 991125s1985 mx 000 0 spa u | ||
| 035 | _aUPN01000139147 | ||
| 100 | 1 | _aGarcía, Jesús-Nicasio | |
| 222 |
_aCULTURA Y EDUCACION : _bREVISTA DE TEORIA, INVESTIGACION Y PRACTICA |
||
| 245 | _aEl aprendizaje basado en problemas : ilustración de un modelo de aplicaciones en psicopedagogía | ||
| 260 | _aMadrid, España | ||
| 300 | _a65-79 | ||
| 362 | 0 | _a2002 Vol. 4, no. 1 | |
| 653 | 0 | _aPSICOPEDAGOGIA | |
| 653 | 0 | _aFORMACION PROFESIONAL | |
| 653 | 0 | _aPROBLEMAS DE LA PROFESION | |
| 905 | _aArticulo | ||
| 999 |
_c111295 _d111295 |
||